000 00817nam a22002297a 4500
005 20170124110121.0
010 _a148295
020 _c00.00
035 _a148295
037 _bCen Lib/Ret
040 _aDPL
_bEN
082 _a940.2
_bSTA
100 _aStamp, A. H.
_930661
245 _aOther nations' colonies /
_cby A.H. Stamp
260 _bCourier Printing and Publishing
_aTunbridge Wells
_c1954
270 _bTunbridge Wells
300 _a509p.
_c20cm(Hb)
500 _aIncludes bibliographical references and index
650 _aColonies -- History
_930662
650 _aColonies
_930663
942 _2ddc
_cEN
_h940.2
_mSTA
999 _c131045
_d131045